000 00326nam a22001217a 4500
020 _a8120328604
082 _222
_a628.320
100 _aKaria, G. L. and Christain, R. A.
245 _aWastewater treatment /
260 _aNew Delhi,
_bPrentice Hall,
_cc2006.
300 _axiii, 365 p. ;
_bill. ;
_c23 cm.
942 _2ddc
_cCIVIL
_02
999 _c2144
_d2144